| 000 | 00811nam a2200229Ia 4500 | ||
|---|---|---|---|
| 003 | GCL | ||
| 008 | 140319s9999 xx 000 0 ara d | ||
| 040 |
_aGCL / _cGCL |
||
| 082 | 0 | 4 |
_a666.3 _bع ف |
| 100 | 1 | _aعماد درويش | |
| 245 | 1 | 0 |
_aالتقنيات الاساسية فى فن صناعة الفخار / _cعماد درويش |
| 700 | 1 | _aمجموعة باحثين | |
| 260 |
_aسوريا : _bدار دمشق للنشر والتوزيع والطباعة |
||
| 300 |
_a311 ص ؛ _c24 سم |
||
| 490 |
_aموسوعة المهن اليدوية والفنية والهندسية _v11 |
||
| 650 | 0 | 4 | _aالخزف |
| 650 | 0 | 4 | _aالفخار |
| 650 | 0 | 4 | _aالفخار - تلوين |
| 650 | 0 | 4 | _aالاوانى الفخارية |
| 650 | 0 | 4 | _aالفخار - صناعة وتجارة |
| 942 |
_2ddc _cBK |
||
| 999 |
_c9889 _d9889 |
||